000 00690nam a2200205Ia 4500
005 20260121110215.0
008 008 260114s9999 xx 000 0 hin d
020 _a9788132303756
037 _aEBOOK
040 _aCRL
_bhin
_cCRL
041 _ahin
_2hin
084 _qCRL
100 _aजगदीश राय / Jagdish Rai
_9943351
245 0 _aशिक्षा का दर्शन एवं समाजशास्त्र / Shiksha ka darshan aur samajshastra
260 _bभाषा प्रकाशन / Bhasha Prakashan
_c2020
856 _uhttps://bhashaprakashan.com/product-details/378007
942 _cEBOOK
999 _c1535016
_d1535016